<?xml version="1.0" encoding="UTF-8"?>
<record
    xmlns:xsi="http://www.w3.org/2001/XMLSchema-instance"
    xsi:schemaLocation="http://www.loc.gov/MARC21/slim http://www.loc.gov/standards/marcxml/schema/MARC21slim.xsd"
    xmlns="http://www.loc.gov/MARC21/slim">

  <leader>00943nam a2200265 a 4500</leader>
  <controlfield tag="001">55539</controlfield>
  <controlfield tag="003">BD-RjUL</controlfield>
  <controlfield tag="005">20211209080259.0</controlfield>
  <controlfield tag="008">161119r1968    ilua     b    000 0 eng  </controlfield>
  <datafield tag="035" ind1=" " ind2=" ">
    <subfield code="a">(BD-RjUL)55662</subfield>
  </datafield>
  <datafield tag="040" ind1=" " ind2=" ">
    <subfield code="a">DLC</subfield>
    <subfield code="c">DLC</subfield>
    <subfield code="d">BD-RjUL</subfield>
    <subfield code="b">eng</subfield>
  </datafield>
  <datafield tag="041" ind1=" " ind2=" ">
    <subfield code="a">eng</subfield>
  </datafield>
  <datafield tag="082" ind1="0" ind2="0">
    <subfield code="2">23</subfield>
    <subfield code="a">153.752</subfield>
    <subfield code="b"> NEU 1968</subfield>
  </datafield>
  <datafield tag="245" ind1="0" ind2="4">
    <subfield code="a">The Neuropsychology of spatially oriented behavior /</subfield>
    <subfield code="c">Sanford J. Freedman, editor.</subfield>
  </datafield>
  <datafield tag="260" ind1=" " ind2=" ">
    <subfield code="a">Homewood, Ill., ;</subfield>
    <subfield code="b">Dorsey Press,</subfield>
    <subfield code="c">1968 [Perinting 1968]</subfield>
  </datafield>
  <datafield tag="300" ind1=" " ind2=" ">
    <subfield code="a">xiii, 290 p. :</subfield>
    <subfield code="b">illus. ;</subfield>
    <subfield code="c">24 cm.</subfield>
  </datafield>
  <datafield tag="490" ind1="0" ind2=" ">
    <subfield code="a">The Dorsey series in psychology</subfield>
  </datafield>
  <datafield tag="500" ind1=" " ind2=" ">
    <subfield code="a">Outgrowth of a symposium sponsored by the U.S. Vocational Rehabilitation Administration and held at Tufts University 22-24 June, 1966.</subfield>
  </datafield>
  <datafield tag="504" ind1=" " ind2=" ">
    <subfield code="a">Includes bibliographies.</subfield>
  </datafield>
  <datafield tag="650" ind1=" " ind2="0">
    <subfield code="a">Space perception.</subfield>
    <subfield code="9">165424</subfield>
  </datafield>
  <datafield tag="650" ind1=" " ind2="0">
    <subfield code="a">Spatial behavior.</subfield>
    <subfield code="9">165425</subfield>
  </datafield>
  <datafield tag="700" ind1="1" ind2=" ">
    <subfield code="a">Freedman, Sanford J.,</subfield>
    <subfield code="e">ed.</subfield>
    <subfield code="9">165426</subfield>
  </datafield>
  <datafield tag="942" ind1=" " ind2=" ">
    <subfield code="2">ddc</subfield>
    <subfield code="c">BK</subfield>
  </datafield>
  <datafield tag="999" ind1=" " ind2=" ">
    <subfield code="c">55539</subfield>
    <subfield code="d">55539</subfield>
  </datafield>
  <datafield tag="952" ind1=" " ind2=" ">
    <subfield code="0">0</subfield>
    <subfield code="1">0</subfield>
    <subfield code="2">ddc</subfield>
    <subfield code="4">0</subfield>
    <subfield code="7">0</subfield>
    <subfield code="8">NFIC</subfield>
    <subfield code="a">RUCL</subfield>
    <subfield code="b">RUCL</subfield>
    <subfield code="c">Stack</subfield>
    <subfield code="d">1971-08-06</subfield>
    <subfield code="e">Zeitlinger</subfield>
    <subfield code="g">126.00</subfield>
    <subfield code="l">0</subfield>
    <subfield code="o">153.752  NEU 1968</subfield>
    <subfield code="r">2016-11-19 00:00:00</subfield>
    <subfield code="t">C-2</subfield>
    <subfield code="w">2016-11-19</subfield>
    <subfield code="y">BK</subfield>
  </datafield>
  <datafield tag="952" ind1=" " ind2=" ">
    <subfield code="0">0</subfield>
    <subfield code="1">0</subfield>
    <subfield code="2">ddc</subfield>
    <subfield code="4">0</subfield>
    <subfield code="7">1</subfield>
    <subfield code="8">NFIC</subfield>
    <subfield code="a">RUCL</subfield>
    <subfield code="b">RUCL</subfield>
    <subfield code="c">Reading</subfield>
    <subfield code="d">1971-08-06</subfield>
    <subfield code="e">Zeitlinger</subfield>
    <subfield code="g">126.00</subfield>
    <subfield code="l">0</subfield>
    <subfield code="o">153.752  NEU 1968</subfield>
    <subfield code="r">2017-03-15 00:00:00</subfield>
    <subfield code="t">C-1</subfield>
    <subfield code="w">2017-03-15</subfield>
    <subfield code="y">BK</subfield>
  </datafield>
</record>
